00273nam a2200097Ia 4500008004100000082001700041100001700058245002600075260006400101300001000165150201s2012 xx 000 0 und d a620.112bSAK aSarkar, B. K aStrength of materials bTata McGraw Hill Education Private LimitedaNew Delhic2012 a388p.